01215cam a2200301 a 4500001000500000005001700005020001500022040002300037050001900060082001000079100001800089245013000107246001700237250003500254260003400289300005700323490003300380500003000413505000800443520020700451521002000658521002000678650006900698650007900767700002200846700002700868700001800895293820250827150329.0 a0439513626 aUWBcUWBdDLCbeng00aF379.N59b200300a397.21 aBridges, Ruby10aLet's read about...Ruby Bridges /cby Ruby Bridges and Grace Maccarone ; illustrated by Cornelius Van Wright and Ying-Hwa Hu.3 aRuby Bridges aFirst printing , February 2003 aNew York :bScholastic,c2003 a29 unnumbered pages :bcolor illustrations ;c24 cm. aScholastic First Biographies a"Cartwheel books"--Cover. aJ  aRuby Bridges was born during the time of segregation in the South. In 1960, she made history when she attended an all-white school. Follow her story and learn why we still celebrate her courage today. a490 bLexile  aJ bRaz-Plus  0aSchool integrationzLouisianazNew OrleansvJuvenile literature. 0aAfrican AmericanszLouisianazNew OrleansvBiographyvJuvenile literature.1 aMaccarone, Grace.1 aVan Wright, Cornelius.1 aHu, Ying-Hwa.